000 01522nam a2200349Ii 4500
999 _c4590
_d4590
003 OSt
005 20250304104733.0
008 160811s2016 nyua j 6 000 1 eng d
020 _a9780545826044
040 _aFSIMP
_beng
_erda
_cFSIMP
_dZQP
_dWIM
_dCGP
_dCaOL
_dKH8
082 _aFIC GRU
100 1 _aGrunberg, Greg,
_eauthor.
245 1 0 _aDream Jumper.
_nBook one /
_cby Greg Grunberg & Lucas Turnbloom ; color by Guy Major.
250 _aFirst edition.
260 _aNew York ;
_bScholastic,
_c2016.
264 1 _aNew York, NY :
_bGraphix, an imprint of Scholastic,
_c2016.
300 _a201 pages :
_bchiefly color illustrations ;
_c23 cm.
336 _atext
_2rdacontent.
336 _astill image
_2rdacontent.
337 _aunmediated
_2rdamedia.
338 _avolume
_2rdacarrier.
520 _a"Ben has a gift. He can jump into other people's dreams. So when his classmates start falling victim to an evil dream monster he knows he has to do something. But can he get to them in time? With help from a mysterious companion, Ben just might be able to defeat the monster and save his friends . . . if he can harness the power within" -- cover.
650 0 _aNightmares
_vJuvenile fiction.
650 0 _aSleep disorders
_vJuvenile fiction.
650 7 _aComics (Graphic works)
_2genre.
650 7 _aFantasy fiction
_2genre.
650 7 _aScience fiction
_2genre.
650 7 _aGraphic novels.
_2genre.
700 1 _aTurnbloom, Lucas P.,
_eillustrator.
700 1 _aMajor, Guy,
_ecolourist.
942 _2ddc
_cGN